Syntony and spark : the origins of radio /

Bibliographic Details
Main Author: Aitken, Hugh G. J.
Format: Book
Language:English
Published: New York : Wiley, [1976]
Series:Science, culture, and society.
Subjects:

MARC

Tag First Indicator Second Indicator Subfields
LEADER 00000pam a2200000 i 4500
001 in00000485521
005 20151013054958.0
008 760115s1976 nyua b 00110 eng
010 |a  75034247  
020 |a 0471018163 
035 |a (OCoLC)01993142 
035 |9 ACC4168AM 
040 |a DLC  |c DLC  |d TXA  |d UtOrBLW 
049 |a TXAM  |c [439629] 
050 0 0 |a TK6547  |b .A46 
082 0 |a 621.3841/09 
100 1 |a Aitken, Hugh G. J. 
245 1 0 |a Syntony and spark :  |b the origins of radio /  |c Hugh G. J. Aitken. 
264 1 |a New York :  |b Wiley,  |c [1976] 
264 4 |c ©1976 
300 |a xvi, 347 pages :  |b illustrations ;  |c 24 cm. 
336 |a text  |b txt  |2 rdacontent 
337 |a unmediated  |b n  |2 rdamedia 
338 |a volume  |b nc  |2 rdacarrier 
490 1 |a Science, culture, and society 
500 |a "A Wiley-Interscience publication." 
504 |a Includes bibliographical references and index. 
650 0 |a Radio  |x History. 
830 0 |a Science, culture, and society. 
999 |a MARS 
999 f f |s bce81a86-2e41-3109-a14b-c02d2408229f  |i fe4c64b1-e16a-3004-a342-4c75c453ce00  |t 0 
952 f f |p ric  |a Texas A&M University  |b Rellis Campus  |c Joint Library Facility  |s JLF  |d Remote Storage  |t 0  |e TK6547 .A46  |h Library of Congress classification  |i unmediated -- volume  |m A14827635912 
998 f f |a TK6547 .A46  |t 0  |l Remote Storage